<?xml version="1.0" encoding="UTF-8"?>
<record
    xmlns:xsi="http://www.w3.org/2001/XMLSchema-instance"
    xsi:schemaLocation="http://www.loc.gov/MARC21/slim http://www.loc.gov/standards/marcxml/schema/MARC21slim.xsd"
    xmlns="http://www.loc.gov/MARC21/slim">

  <leader>01198nam a22002777a 4500</leader>
  <controlfield tag="003">dpl</controlfield>
  <controlfield tag="005">20170204142033.0</controlfield>
  <controlfield tag="008">170204b        xxu||||| |||| 00| 0 eng d</controlfield>
  <datafield tag="010" ind1=" " ind2=" ">
    <subfield code="a">B-052505,B-052507</subfield>
  </datafield>
  <datafield tag="020" ind1=" " ind2=" ">
    <subfield code="c">150.00</subfield>
  </datafield>
  <datafield tag="035" ind1=" " ind2=" ">
    <subfield code="a">B-052505,B-052507</subfield>
  </datafield>
  <datafield tag="037" ind1=" " ind2=" ">
    <subfield code="b">Cen Lib/Ret</subfield>
  </datafield>
  <datafield tag="040" ind1=" " ind2=" ">
    <subfield code="a">DPL</subfield>
    <subfield code="b">HN</subfield>
    <subfield code="c">DPL</subfield>
  </datafield>
  <datafield tag="082" ind1=" " ind2=" ">
    <subfield code="a">921</subfield>
    <subfield code="b">&#x936;&#x930;&#x94D;&#x92E;&#x93E;&#x930;&#x93E;</subfield>
  </datafield>
  <datafield tag="100" ind1=" " ind2=" ">
    <subfield code="a">&#x936;&#x930;&#x94D;&#x92E;&#x93E;, &#x930;&#x93E;&#x91C;&#x915;&#x941;&#x92E;&#x93E;&#x930; </subfield>
    <subfield code="9">78914</subfield>
  </datafield>
  <datafield tag="245" ind1=" " ind2=" ">
    <subfield code="a">&#x92E;&#x939;&#x93E;&#x928;&#x93E;&#x92F;&#x915; &#x936;&#x93F;&#x935;&#x93E;&#x91C;&#x940; /</subfield>
    <subfield code="c">&#x930;&#x93E;&#x91C;&#x915;&#x941;&#x92E;&#x93E;&#x930; &#x936;&#x930;&#x94D;&#x92E;&#x93E;</subfield>
  </datafield>
  <datafield tag="246" ind1=" " ind2=" ">
    <subfield code="a">Mahanayak Shivaji /</subfield>
    <subfield code="b">by Rajkumar Sharma </subfield>
  </datafield>
  <datafield tag="260" ind1=" " ind2=" ">
    <subfield code="a">&#x926;&#x93F;&#x932;&#x94D;&#x932;&#x940; </subfield>
    <subfield code="b">&#x926;&#x93F;&#x932;&#x94D;&#x932;&#x940; &#x92A;&#x941;&#x938;&#x94D;&#x924;&#x915; &#x938;&#x926;&#x928; </subfield>
    <subfield code="c">2001</subfield>
  </datafield>
  <datafield tag="270" ind1=" " ind2=" ">
    <subfield code="b">&#x926;&#x93F;&#x932;&#x94D;&#x932;&#x940; </subfield>
    <subfield code="a">30/36, &#x917;&#x932;&#x940; &#x928;&#x902;.9, &#x935;&#x93F;&#x936;&#x94D;&#x935;&#x93E;&#x938; &#x928;&#x93E;&#x917;&#x930;, &#x936;&#x93E;&#x939;&#x926;&#x930;&#x93E; </subfield>
    <subfield code="e">110032</subfield>
  </datafield>
  <datafield tag="300" ind1=" " ind2=" ">
    <subfield code="a">144&#x92A;&#x943;. </subfield>
    <subfield code="c">21&#x938;&#x947;&#x92E;&#x940;(&#x938;&#x91C;&#x93F;&#x932;&#x94D;&#x926;)</subfield>
  </datafield>
  <datafield tag="650" ind1=" " ind2=" ">
    <subfield code="a">&#x939;&#x93F;&#x928;&#x94D;&#x926;&#x940; &#x938;&#x93E;&#x939;&#x93F;&#x924;&#x94D;&#x92F; </subfield>
    <subfield code="9">78915</subfield>
  </datafield>
  <datafield tag="650" ind1=" " ind2=" ">
    <subfield code="a">&#x939;&#x93F;&#x928;&#x94D;&#x926;&#x940; -- &#x91C;&#x940;&#x935;&#x928;&#x940; - &#x92E;&#x939;&#x93E;&#x928;&#x93E;&#x92F;&#x915; &#x936;&#x93F;&#x935;&#x93E;&#x91C;&#x940;</subfield>
    <subfield code="9">78916</subfield>
  </datafield>
  <datafield tag="650" ind1=" " ind2=" ">
    <subfield code="a">Hindi literature</subfield>
    <subfield code="9">78917</subfield>
  </datafield>
  <datafield tag="650" ind1=" " ind2=" ">
    <subfield code="a">Hindi -- Biography - Mahanayak Shivaji</subfield>
    <subfield code="9">78918</subfield>
  </datafield>
  <datafield tag="942" ind1=" " ind2=" ">
    <subfield code="2">ddc</subfield>
    <subfield code="c">HN</subfield>
    <subfield code="h">921</subfield>
    <subfield code="m">&#x936;&#x930;&#x94D;&#x92E;&#x93E;&#x930;&#x93E;</subfield>
  </datafield>
  <datafield tag="999" ind1=" " ind2=" ">
    <subfield code="c">118221</subfield>
    <subfield code="d">118221</subfield>
  </datafield>
  <datafield tag="952" ind1=" " ind2=" ">
    <subfield code="0">0</subfield>
    <subfield code="1">0</subfield>
    <subfield code="4">0</subfield>
    <subfield code="7">0</subfield>
    <subfield code="a">L</subfield>
    <subfield code="b">L</subfield>
    <subfield code="d">2015-09-10</subfield>
    <subfield code="e">Cen Lib/Ret</subfield>
    <subfield code="g">150.00</subfield>
    <subfield code="l">1</subfield>
    <subfield code="o">921 &#x936;&#x930;&#x94D;&#x92E;&#x93E;&#x930;&#x93E;</subfield>
    <subfield code="p">B-052505</subfield>
    <subfield code="r">2018-01-13 00:00:00</subfield>
    <subfield code="s">2017-12-30</subfield>
    <subfield code="t">1</subfield>
    <subfield code="v">150.00</subfield>
    <subfield code="w">2015-09-10</subfield>
    <subfield code="y">HN</subfield>
  </datafield>
  <datafield tag="952" ind1=" " ind2=" ">
    <subfield code="0">0</subfield>
    <subfield code="1">0</subfield>
    <subfield code="2">ddc</subfield>
    <subfield code="4">0</subfield>
    <subfield code="7">-1</subfield>
    <subfield code="8">NFIC</subfield>
    <subfield code="a">ZLS</subfield>
    <subfield code="b">ZLS</subfield>
    <subfield code="c">DISPLAY</subfield>
    <subfield code="d">2017-02-03</subfield>
    <subfield code="e">DPL</subfield>
    <subfield code="g">150.00</subfield>
    <subfield code="l">0</subfield>
    <subfield code="o">921 &#x936;&#x930;&#x94D;&#x92E;&#x93E;&#x930;&#x93E;</subfield>
    <subfield code="p">B-052507</subfield>
    <subfield code="r">2017-02-03 00:00:00</subfield>
    <subfield code="t">1</subfield>
    <subfield code="v">150.00</subfield>
    <subfield code="w">2017-02-03</subfield>
    <subfield code="y">HN</subfield>
  </datafield>
</record>
